[Event "AUTO-ELITE-2565"]
[Site "http://www.queenalice.com/game.php?id=1849661"]
[Date "2025.1.2"]
[Round "1"]
[White "trompmaster"]
[Black "raulzampronha"]
[Result "1-0"]
[WhiteElo "2424"]
[BlackElo "2270"]

1. f4 e5 2. fxe5 d6 3. exd6 Bxd6 4. Nf3 g5 5. g3 g4 6. Nh4 Ne7 7. Nc3 Ng6 8.
Nxg6 hxg6 9. Ne4 Be5 10. c3 f5 11. Nf2 c5 12. e3 Nc6 13. d4 Bd6 14. a3 Qf6 15.
Bg2 Bd7 16. b4 cxd4 17. cxd4 O-O-O 18. b5 Ne7 19. Rb1 Kb8 20. b6 a6 21. Nd3 Rxh2
22. Rxh2 Bxg3+ 23. Kd2 Bxh2 24. Bxb7 Kxb7 25. Nc5+ Ka8 26. Qe2 Bb5 27. Rxb5 axb5
28. Qxb5 Rxd4+ 29. exd4 Qxd4+ 30. Kc2 Kb8 31. Qe8+ Nc8 32. Qc6 1-0

[Event "AUTO-ELITE-2565"]
[Site "http://www.queenalice.com/game.php?id=1849664"]
[Date "2025.1.2"]
[Round "1"]
[White "Sexxy_Bunny"]
[Black "trompmaster"]
[Result "1-0"]
[WhiteElo "2685"]
[BlackElo "2418"]

1. e4 e6 2. d4 d5 3. Nc3 Nf6 4. e5 Nfd7 5. f4 c5 6. Nf3 Nc6 7. Be3 b6 8. Qd2 Be7
9. Bb5 Qc7 10. O-O-O O-O 11. h4 Bb7 12. Kb1 Nxd4 13. Nxd4 cxd4 14. Bxd4 Nc5 15.
Qe3 Rac8 16. h5 h6 17. g4 a6 18. Bd3 b5 19. g5 Nxd3 20. Qxd3 hxg5 21. Ne2 b4 22.
fxg5 Bc6 23. Qd2 Bb5 24. Nc1 Ba4 25. b3 Be8 26. Nd3 Bb5 27. g6 Bg5 28. Qxg5
Qxc2+ 29. Ka1 Bxd3 30. Rc1 1-0

[Event "AUTO-ELITE-2565"]
[Site "http://www.queenalice.com/game.php?id=1849665"]
[Date "2025.1.2"]
[Round "1"]
[White "trompmaster"]
[Black "Sexxy_Bunny"]
[Result "1/2-1/2"]
[WhiteElo "2418"]
[BlackElo "2674"]

1. Nf3 d5 2. c4 e6 3. e3 Nf6 4. b3 Be7 5. Bb2 O-O 6. Be2 c5 7. O-O Nc6 8. d4
cxd4 9. exd4 b6 10. cxd5 Nxd5 11. Nc3 Bb7 12. Nxd5 Qxd5 13. Bc4 Qh5 14. Ne5 Qxd1
15. Rfxd1 Nb4 16. a4 Nc2 17. Rac1 Nb4 18. Ba3 Rfc8 19. f3 Bf8 20. Bxb4 Bxb4 21.
Bb5 Bd6 22. Bc6 Bxe5 23. Bxb7 Rxc1 24. Rxc1 Bxd4+ 25. Kf1 Rd8 26. Rc8 Rxc8 27.
Bxc8 Be5 28. g3 g5 29. Kf2 Kf8 30. Bd7 Ke7 31. Bb5 h5 32. h3 Kd6 33. Be8 Ke7 34.
Bb5 Kf6 35. h4 Bd4+ 36. Kg2 gxh4 37. gxh4 Be5 38. Kf2 Bd6 39. Kg2 Ke7 40. Kf2
Bc7 41. Bc6 Be5 42. b4 Kd6 43. Be8 Ke7 44. Bc6 Bf6 45. Kg3 Bc3 46. b5 Be1+ 47.
Kh3 Kf6 48. Bd7 Bd2 49. Bc6 Be1 50. Bd7 e5 51. Bc6 Kf5 52. Bd5 f6 53. Bf7 Kf4
54. Bxh5 f5 55. Kg2 Bxh4 56. Bg6 Bg3 57. Bh5 Kg5 58. Bf7 Kf4 59. Bd5 Bh4 60. Be6
Bf6 61. Kf2 e4 62. fxe4 Kxe4 63. Ke2 f4 64. Bg4 Bb2 65. Bf3+ Kd4 66. Kf2 Kd3 67.
Be2+ Kd4 68. Kf3 Bc1 69. Bd1 Ke5 70. Bc2 Kd4 71. Bd1 Kd3 1/2-1/2

[Event "AUTO-ELITE-2566"]
[Site "http://www.queenalice.com/game.php?id=1850209"]
[Date "2025.1.11"]
[Round "1"]
[White "MarcoCarvalho"]
[Black "trompmaster"]
[Result "0-1"]
[WhiteElo "2208"]
[BlackElo "2449"]

1. e4 d6 2. d4 Nf6 3. Bd3 e5 4. c3 d5 5. dxe5 Nxe4 6. Nf3 Nc5 7. Bc2 Bg4 8. h3
Bh5 9. O-O Ne6 10. Be3 Nc6 11. Bb3 Bc5 12. Bxd5 Bxe3 13. Bxc6+ bxc6 14. fxe3 O-O
15. Qxd8 Rfxd8 0-1

[Event "AUTO-ELITE-2566"]
[Site "http://www.queenalice.com/game.php?id=1850210"]
[Date "2025.1.11"]
[Round "1"]
[White "trompmaster"]
[Black "raulzampronha"]
[Result "1-0"]
[WhiteElo "2419"]
[BlackElo "2278"]

1. Nf3 Nf6 2. b3 e6 3. Bb2 Be7 4. e3 O-O 5. d4 b6 6. Be2 Bb7 7. O-O c5 8. c4
cxd4 9. Nxd4 d6 10. Nc3 a6 11. f4 Nbd7 12. Bf3 Qc7 13. Qe2 Rac8 14. Rad1 Rfe8
15. Bxb7 Qxb7 16. e4 d5 17. exd5 exd5 18. Qf3 Bb4 19. Nxd5 Nxd5 20. Nf5 1-0

[Event "AUTO-ELITE-2566"]
[Site "http://www.queenalice.com/game.php?id=1850211"]
[Date "2025.1.11"]
[Round "1"]
[White "raulzampronha"]
[Black "trompmaster"]
[Result "0-1"]
[WhiteElo "2256"]
[BlackElo "2434"]

1. d4 d6 2. e4 Nf6 3. Nc3 Nbd7 4. g3 e5 5. Bg2 Be7 6. Nge2 O-O 7. O-O Rb8 8. a4
a6 9. h3 b5 10. axb5 axb5 11. Kh2 c6 12. f4 b4 13. Nb1 Bb7 14. c3 Qb6 15. Nd2
Ba6 16. fxe5 dxe5 17. Nf3 exd4 18. Nfxd4 bxc3 19. bxc3 Ne5 20. Ba3 Bxa3 21. Rxa3
Bc4 22. Rf5 Rfe8 23. Qd2 Qb2 24. Qxb2 Rxb2 25. Rxf6 gxf6 26. Nf4 c5 0-1

[Event "AUTO-ELITE-2567"]
[Site "http://www.queenalice.com/game.php?id=1850614"]
[Date "2025.1.20"]
[Round "1"]
[White "josekasparov"]
[Black "trompmaster"]
[Result "1-0"]
[WhiteElo "2551"]
[BlackElo "2430"]

1. e4 d6 2. d4 Nf6 3. Nc3 Nbd7 4. Nf3 e5 5. Bc4 h6 6. h3 Be7 7. Be3 O-O 8. Qd2
c6 9. a4 Nxe4 10. Nxe4 d5 11. Ng3 exd4 12. Bxd4 dxc4 13. Bxg7 Kxg7 14. Nf5+ Kg8
15. Nxh6+ Kh8 16. Nf5 Bf6 17. Qh6+ Kg8 18. O-O-O Re8 19. g4 Qb6 20. N3d4 Qa5 21.
Rhg1 Qxa4 22. Kb1 Qa5 23. Qh5 Ne5 24. f4 Bxf5 25. gxf5+ Kf8 26. Qh6+ Ke7 27.
fxe5 Qxe5 28. Rge1 Rad8 29. Rxe5+ Bxe5 30. f6+ Kd7 31. Nf3+ Kc7 32. Rxd8 Kxd8
33. Nxe5 Rxe5 34. Qf8+ 1-0

[Event "AUTO-ELITE-2567"]
[Site "http://www.queenalice.com/game.php?id=1850615"]
[Date "2025.1.20"]
[Round "1"]
[White "trompmaster"]
[Black "josekasparov"]
[Result "1/2-1/2"]
[WhiteElo "2447"]
[BlackElo "2558"]

1. Nf3 d5 2. c4 d4 3. b4 g6 4. e4 dxe3 5. fxe3 Bg7 6. d4 Nf6 7. Nc3 O-O 8. Be2
Bf5 9. O-O Ne4 10. Nxe4 Bxe4 11. Bb2 b6 12. a4 c5 13. Qb3 cxb4 14. Qxb4 Nc6 15.
Qa3 Bxf3 16. Bxf3 Rc8 17. Rac1 e6 18. Be2 Qg5 19. Rf3 Na5 20. Rf4 h5 21. Kf2 Rc7
22. h4 Qd8 23. Kg1 Bh6 24. Rf3 Qxh4 25. c5 Qe4 26. Bb5 Rfc8 27. Bd3 Qd5 28. Ba6
Rd8 29. cxb6 Rxc1+ 30. Bxc1 Bf8 31. Qb2 Qc6 32. Bd2 Qxb6 33. Qxb6 axb6 34. Rf1
Ra8 35. Bb5 Rc8 36. Rc1 Rxc1+ 37. Bxc1 Nb3 38. Bb2 Nd2 39. Kf2 f5 40. d5 Kf7 41.
Ke2 Ne4 42. dxe6+ Kxe6 43. Bc4+ Kd7 44. Kd3 Nc5+ 45. Ke2 g5 46. Bb5+ Kd6 47. Bd4
Be7 48. Bxc5+ Kxc5 1/2-1/2

[Event "AUTO-ELITE-2568"]
[Site "http://www.queenalice.com/game.php?id=1851483"]
[Date "2025.2.2"]
[Round "1"]
[White "yamato"]
[Black "trompmaster"]
[Result "0-1"]
[WhiteElo "2329"]
[BlackElo "2457"]

1. d4 e6 2. c4 f5 3. g3 Nf6 4. Bg2 Bb4+ 5. Bd2 Be7 6. Nf3 O-O 7. Qc2 Nc6 8. Bc3
d5 9. Nbd2 Ne4 10. O-O Qe8 11. b3 g5 12. Ne1 Nxc3 13. Qxc3 Nxd4 14. Qxd4 Bf6 15.
Qe3 Bxa1 16. cxd5 Bf6 17. Qc5 Qe7 18. Qc4 exd5 19. Bxd5+ Kh8 20. e3 Rd8 0-1

[Event "AUTO-ELITE-2569"]
[Site "http://www.queenalice.com/game.php?id=1852353"]
[Date "2025.2.17"]
[Round "1"]
[White "Sexxy_Bunny"]
[Black "trompmaster"]
[Result "1-0"]
[WhiteElo "2623"]
[BlackElo "2466"]

1. e4 d6 2. d4 Nf6 3. Nc3 Nbd7 4. Nf3 e5 5. Bc4 h6 6. O-O Be7 7. a4 c6 8. Re1
Qc7 9. h3 g5 10. Be3 g4 11. hxg4 Nxg4 12. a5 Nxe3 13. Rxe3 h5 14. Bb3 Nf6 15.
Qd2 Rh7 16. d5 Ng4 17. Ree1 h4 18. a6 Kf8 19. axb7 Bxb7 20. Bc4 a5 21. dxc6 Bxc6
22. Nh2 Nxh2 23. Kxh2 Bd7 24. b3 Rg7 25. Nd5 Qc5 26. Kh1 Bg5 27. Qe2 Rb8 28. c3
Bf4 29. b4 axb4 30. cxb4 Qc8 31. Qd3 Bg5 32. Ra7 Rg6 33. Rea1 Be6 34. Rc7 Qd8
35. Raa7 Kg8 36. b5 Qf8 37. Nb4 d5 38. exd5 Qxb4 39. dxe6 Qe1+ 40. Qf1 Qxf1+ 41.
Bxf1 Bh6 42. Rxf7 Rg7 43. Bc4 e4 44. e7 Kh7 45. Rf8 Bg5 46. Rxb8 Bxe7 47. Rbb7
Bf6 48. Rxg7+ Bxg7 49. b6 1-0

[Event "AUTO-ELITE-2569"]
[Site "http://www.queenalice.com/game.php?id=1852354"]
[Date "2025.2.17"]
[Round "1"]
[White "trompmaster"]
[Black "Sexxy_Bunny"]
[Result "1/2-1/2"]
[WhiteElo "2454"]
[BlackElo "2626"]

1. d4 Nf6 2. c4 e6 3. Nc3 Bb4 4. e3 O-O 5. a3 Bxc3+ 6. bxc3 c5 7. Bd3 Nc6 8. Ne2
b6 9. O-O Ba6 10. e4 Ne8 11. Ng3 Na5 12. dxc5 Bxc4 13. Bxc4 Nxc4 14. Qe2 Na5 15.
cxb6 axb6 16. Rb1 Rc8 17. Rd1 Rc6 18. a4 Qc7 19. Be3 Nc4 20. Bd4 e5 21. Be3 Nxe3
22. Qxe3 g6 23. Qg5 Re6 24. Nf5 Nf6 25. f3 Qc5+ 26. Ne3 Qxc3 27. h3 Qa3 28. Ra1
Qe7 29. a5 bxa5 30. Rxa5 Qb4 31. Rda1 Rfe8 32. Kh1 Qf8 33. Nd5 Nxd5 34. Rxd5 d6
35. Qd2 Rd8 36. Ra7 Re7 37. Ra1 Re6 38. Ra7 Re7 39. Ra1 Re6 1/2-1/2

[Event "AUTO-ELITE-2571"]
[Site "http://www.queenalice.com/game.php?id=1852437"]
[Date "2025.2.19"]
[Round "1"]
[White "raulzampronha"]
[Black "trompmaster"]
[Result "0-1"]
[WhiteElo "2219"]
[BlackElo "2444"]

1. d4 e6 2. c4 f5 3. g3 Nf6 4. Bg2 d5 5. Nh3 c6 6. O-O dxc4 7. Na3 Bxa3 8. bxa3
b5 9. a4 b4 10. Bg5 O-O 11. Qb1 a5 12. e3 Ba6 13. Rc1 Nbd7 14. Bxc6 Rc8 15. Nf4
Rxc6 16. d5 exd5 17. Qxf5 Qe8 0-1

[Event "AUTO-ELITE-2571"]
[Site "http://www.queenalice.com/game.php?id=1852438"]
[Date "2025.2.19"]
[Round "1"]
[White "trompmaster"]
[Black "raulzampronha"]
[Result "1-0"]
[WhiteElo "2440"]
[BlackElo "2226"]

1. d4 Nf6 2. c4 g6 3. Nc3 d5 4. cxd5 Nxd5 5. e4 Nxc3 6. bxc3 Bg7 7. Nf3 c5 8. h3
O-O 9. Be2 cxd4 10. cxd4 Nc6 11. Be3 b6 12. Rc1 Bb7 13. d5 Ne5 14. Nxe5 Bxe5 15.
O-O e6 16. Bh6 Re8 17. Bb5 Re7 18. f4 Bd6 19. Bg5 exd5 20. exd5 1-0

[Event "AUTO-ELITE-2571"]
[Site "http://www.queenalice.com/game.php?id=1852445"]
[Date "2025.2.19"]
[Round "1"]
[White "trompmaster"]
[Black "Sexxy_Bunny"]
[Result "1/2-1/2"]
[WhiteElo "2452"]
[BlackElo "2637"]

1. c4 e5 2. a3 Nf6 3. d3 d5 4. cxd5 Nxd5 5. Nf3 Nc6 6. e3 a5 7. Nc3 Be7 8. Be2
O-O 9. O-O Be6 10. e4 Nb6 11. Be3 Qd7 12. Nb5 Rfd8 13. Rc1 Bf6 14. Ng5 Bxg5 15.
Bxg5 f6 16. Be3 a4 17. Qe1 Rac8 18. Rc5 Nb8 19. Nc3 Nc6 20. Nb5 Nb8 21. Qa5 Nc6
22. Qe1 1/2-1/2

[Event "AUTO-ELITE-2571"]
[Site "http://www.queenalice.com/game.php?id=1852446"]
[Date "2025.2.19"]
[Round "1"]
[White "Sexxy_Bunny"]
[Black "trompmaster"]
[Result "1-0"]
[WhiteElo "2628"]
[BlackElo "2461"]

1. e4 d6 2. d4 Nf6 3. Nc3 Nbd7 4. Nf3 e5 5. Bc4 h6 6. O-O Be7 7. a4 c6 8. Re1
Qc7 9. h3 g5 10. Be3 g4 11. hxg4 Nxg4 12. a5 Nxe3 13. Rxe3 h5 14. Bb3 Rh7 15. a6
bxa6 16. d5 c5 17. Bc4 Rb8 18. Bxa6 Bxa6 19. Rxa6 Rxb2 20. Qa1 Rb7 21. Nd1 Nb6
22. Rea3 Nc8 23. Ne3 Qb8 24. Rb3 Kf8 25. Rc6 Rxb3 26. cxb3 Bd8 27. Qa6 Bc7 28.
Nf5 Nb6 29. Ng5 Rh8 30. Qd3 Bd8 31. Nxf7 Rh7 32. N7xd6 Nd7 33. Rc8 Qb6 34. Qg3
Nf6 35. Qg6 1-0

[Event "AUTO-ELITE-2555"]
[Site "http://www.queenalice.com/game.php?id=1852699"]
[Date "2025.2.23"]
[Round "2"]
[White "trompmaster"]
[Black "Ahlkhanvio"]
[Result "1/2-1/2"]
[WhiteElo "2471"]
[BlackElo "2608"]

1. d4 d5 2. Nf3 e6 3. e3 Nf6 4. Bd3 c5 5. b3 Nbd7 6. O-O b6 7. Nbd2 Bb7 8. Bb2
Be7 9. Ne5 O-O 10. f4 Ne4 11. Nxe4 dxe4 12. Bc4 Nxe5 13. fxe5 Bg5 14. Qe2 a6 15.
a4 Bd5 16. Bxd5 exd5 17. a5 bxa5 18. dxc5 Be7 19. e6 Bxc5 20. Qg4 Bxe3+ 21. Kh1
Qg5 22. exf7+ Rxf7 23. Qe6 Qe7 24. Qxd5 Re8 25. Rae1 Bh6 26. Rxe4 Qe6 27. Rf3
Rxf3 28. Qxe6+ Rxe6 29. gxf3 Rc6 30. c4 Rb6 31. c5 Rxb3 32. c6 Rxb2 33. c7 Rc2
34. Re8+ Kf7 35. c8=Q Rxc8 36. Rxc8 Ke6 37. Rc2 Kd5 38. Ra2 Kc5 39. Rxa5+ Kb6
40. Rd5 a5 41. Kg2 a4 42. f4 Bxf4 43. Rd4 Bxh2 44. Kxh2 Kb5 45. Rd1 a3 46. Rg1
Kb4 47. Rxg7 a2 48. Ra7 Kb3 49. Kh3 Kb2 50. Rxa2+ 1/2-1/2

[Event "AUTO-ELITE-2555"]
[Site "http://www.queenalice.com/game.php?id=1852700"]
[Date "2025.2.23"]
[Round "2"]
[White "Ahlkhanvio"]
[Black "trompmaster"]
[Result "1-0"]
[WhiteElo "2599"]
[BlackElo "2471"]

1. d4 d6 2. e4 Nf6 3. Nc3 Nbd7 4. f4 e5 5. Nf3 exd4 6. Qxd4 c6 7. Be3 d5 8. e5
Ng4 9. Bg1 Bc5 10. Qd2 Bxg1 11. Rxg1 Qb6 12. Na4 Qe3+ 13. Qxe3 Nxe3 14. Bd3 b5
15. Nc3 b4 16. Na4 Nc4 17. Nd4 Ndb6 18. Nxb6 axb6 19. Bxc4 dxc4 20. Nxc6 b3 21.
cxb3 cxb3 22. a3 g5 23. fxg5 h6 24. g6 fxg6 25. Rc1 Bb7 26. Kd2 Rf8 27. Ke3 Rc8
28. Nd4 Ke7 29. Rxc8 Rxc8 30. g3 Rc5 31. e6 Re5+ 32. Kd2 Re4 33. Kd3 Kd6 34. Rd1
Bd5 35. Kc3 h5 36. Rd2 g5 37. Rf2 Re3+ 38. Kd2 Re5 39. Rf6 Kc5 40. Nf3 Bxf3 41.
Rxf3 Rxe6 42. Rxb3 Rd6+ 43. Ke2 Re6+ 44. Re3 Rxe3+ 45. Kxe3 Kc4 46. Kd2 Kb3 47.
Kc1 b5 48. Kb1 b4 49. axb4 Kxb4 50. Kc2 Kc4 51. b3+ Kd4 52. Kd2 Ke4 53. Ke2 Kd4
54. Kf3 Kd5 55. b4 1-0

[Event "AUTO-ELITE-2573"]
[Site "http://www.queenalice.com/game.php?id=1853319"]
[Date "2025.3.5"]
[Round "1"]
[White "raulzampronha"]
[Black "trompmaster"]
[Result "0-1"]
[WhiteElo "2224"]
[BlackElo "2466"]

1. d4 d6 2. c4 Nd7 3. e4 g6 4. f4 e5 5. Nf3 exd4 6. Nxd4 Nc5 7. Nc3 Nf6 8. Bd3
Nxd3+ 9. Qxd3 Bg7 10. O-O O-O 11. Bd2 Re8 12. Rae1 Nd7 13. Nc2 Nc5 14. Qf3 f5
15. exf5 Bxf5 16. Rxe8+ Qxe8 17. Re1 Qf7 18. Ne3 Re8 19. Nxf5 Rxe1+ 20. Bxe1
Qxf5 21. Qd5+ Qxd5 22. cxd5 Nd3 23. Bf2 Nxf4 24. Nb5 Nxd5 25. Bxa7 Bxb2 26. Bb8
c6 27. Nxd6 Bd4+ 28. Kf1 Be5 29. Kf2 Nb4 0-1

[Event "AUTO-ELITE-2573"]
[Site "http://www.queenalice.com/game.php?id=1853320"]
[Date "2025.3.5"]
[Round "1"]
[White "trompmaster"]
[Black "raulzampronha"]
[Result "1-0"]
[WhiteElo "2456"]
[BlackElo "2227"]

1. d4 d5 2. Nf3 Nf6 3. e3 g6 4. c4 Bg7 5. cxd5 Nxd5 6. e4 Nb6 7. a4 a5 8. Bb5+
c6 9. Be2 Bg4 10. Nbd2 O-O 11. O-O N8d7 12. h3 Bxf3 13. Nxf3 Qc7 14. Be3 e5 15.
dxe5 Nxe5 16. Nd2 Rad8 17. Qb3 Nc8 18. f4 Nd7 19. e5 Ndb6 20. Ne4 Nd5 21. Bc5
Rfe8 22. Rad1 Bf8 23. Bd4 1-0

[Event "AUTO-ELITE-2574"]
[Site "http://www.queenalice.com/game.php?id=1853586"]
[Date "2025.3.9"]
[Round "1"]
[White "trompmaster"]
[Black "gizmokaka"]
[Result "0-1"]
[WhiteElo "2474"]
[BlackElo "2747"]

1. d4 Nf6 2. Nf3 d5 3. e3 c6 4. c4 Bf5 5. cxd5 cxd5 6. Qb3 Qc7 7. Nc3 e6 8. Nh4
Bg6 9. Nxg6 hxg6 10. g3 Be7 11. Bd2 Nc6 12. Bg2 Qd7 13. Qd1 g5 14. O-O g4 15.
Ne2 Ne4 16. Bxe4 dxe4 17. Bc3 O-O-O 18. Nf4 e5 19. d5 Qf5 20. Qb3 Nd4 21. Bxd4
exd4 22. Ne2 Rxh2 23. Qc4+ Kb8 24. f4 Qh7 0-1

[Event "AUTO-ELITE-2574"]
[Site "http://www.queenalice.com/game.php?id=1853588"]
[Date "2025.3.9"]
[Round "1"]
[White "trompmaster"]
[Black "arvo1938"]
[Result "1-0"]
[WhiteElo "2462"]
[BlackElo "2266"]

1. d4 d5 2. Nf3 Nf6 3. e3 c5 4. b3 Nc6 5. Be2 cxd4 6. exd4 e6 7. O-O Be7 8. c4
O-O 9. Nc3 b6 10. Ne5 Nxe5 11. dxe5 Nd7 12. Bf4 dxc4 13. Bxc4 Bg5 14. Bxg5 Qxg5
15. f4 Qe7 16. Ne4 Nc5 17. Nd6 Nb7 18. Qd3 Rd8 19. Rad1 Rb8 20. Qd4 Nxd6 21.
exd6 Qf6 22. Qe5 Qxe5 23. fxe5 h6 24. Rc1 Bb7 25. a4 a5 26. Bb5 Be4 27. Rc7 f5
28. Bc4 Bd5 29. Bxd5 exd5 30. Rxf5 Rf8 31. Rxf8+ Kxf8 32. e6 1-0

[Event "AUTO-ELITE-2574"]
[Site "http://www.queenalice.com/game.php?id=1853589"]
[Date "2025.3.9"]
[Round "1"]
[White "arvo1938"]
[Black "trompmaster"]
[Result "0-1"]
[WhiteElo "2273"]
[BlackElo "2450"]

1. d4 e6 2. e4 d5 3. exd5 exd5 4. Nf3 Nc6 5. Bb5 Bd6 6. c4 dxc4 7. d5 a6 8. dxc6
axb5 9. cxb7 Bxb7 10. O-O Ne7 11. Nc3 b4 12. Nb1 O-O 13. Bg5 h6 14. Bxe7 Bxe7
15. Qe2 Bxf3 16. Qxf3 Qd4 17. Qe2 Bf6 18. Nd2 Rfe8 19. Qxc4 Qxd2 20. Qxc7 Bxb2
21. Rad1 Qe2 22. g3 Bc3 23. Rd7 Qxa2 24. Re7 Rxe7 25. Qxe7 Qd5 0-1

[Event "AUTO-ELITE-2575"]
[Site "http://www.queenalice.com/game.php?id=1853999"]
[Date "2025.3.16"]
[Round "1"]
[White "trompmaster"]
[Black "Sexxy_Bunny"]
[Result "1/2-1/2"]
[WhiteElo "2469"]
[BlackElo "2633"]

1. d4 Nf6 2. Nf3 d5 3. e3 e6 4. Bd3 c5 5. b3 Nc6 6. O-O Bd6 7. Bb2 O-O 8. dxc5
Bxc5 9. a3 Qc7 10. Nbd2 e5 11. c4 e4 12. Bxf6 gxf6 13. cxd5 exd3 14. dxc6 Qxc6
15. Rc1 Qd5 16. Rc4 Rd8 17. Ne4 Be7 18. Rd4 Qa5 19. Qxd3 Bf5 20. b4 Qb6 21. Nh4
Bg6 22. Nxg6 hxg6 23. Nc3 Rxd4 24. exd4 Rd8 25. Rd1 Kg7 26. d5 a5 27. bxa5 Qb2
28. a4 Rc8 29. Nb5 Rc2 30. Nd4 Rc3 31. Qe2 Qxe2 32. Nxe2 Ra3 33. Kf1 Rxa4 34. f3
Rxa5 35. d6 Bd8 36. Rb1 b6 37. Nd4 Rd5 38. Nc6 Rxd6 39. Nxd8 Rxd8 40. Rxb6 Rd1+
41. Kf2 Rd2+ 42. Kg3 g5 43. Rb5 Kg6 44. h3 f5 45. Rb6+ f6 46. f4 Rd3+ 47. Kf2
gxf4 48. Ke2 Ra3 49. h4 Kh5 50. Rxf6 Kg4 51. h5 Ra2+ 52. Kf1 Ra1+ 53. Kf2 Ra2+
54. Kf1 Ra1+ 55. Kf2 Ra2+ 56. Kf1 1/2-1/2

[Event "AUTO-ELITE-2575"]
[Site "http://www.queenalice.com/game.php?id=1854000"]
[Date "2025.3.16"]
[Round "1"]
[White "Sexxy_Bunny"]
[Black "trompmaster"]
[Result "1-0"]
[WhiteElo "2627"]
[BlackElo "2472"]

1. e4 d6 2. d4 Nf6 3. Nc3 Nbd7 4. Nf3 e5 5. Bc4 h6 6. O-O Be7 7. a4 c6 8. Re1
Qc7 9. h3 g5 10. a5 Nf8 11. d5 Ng6 12. a6 b5 13. Bb3 Bd7 14. dxc6 Bxc6 15. Nh2
O-O 16. Ng4 Nxg4 17. hxg4 Rab8 18. g3 Bd8 19. Nd5 Qd7 20. Be3 Bxd5 21. Bxd5 Bb6
22. Bb7 Qc7 23. Qd3 Rfd8 24. c3 Bxe3 25. Qxe3 Qc5 26. b4 Qxe3 27. Rxe3 Ne7 28.
Ra5 Nc8 29. Rxb5 Nb6 30. c4 Kg7 31. Rc3 Rd7 32. Kg2 Re7 33. c5 dxc5 34. Rcxc5
Re6 35. Rxe5 Rxe5 36. Rxe5 Kf8 37. Rc5 Re8 38. b5 Na4 39. Rc6 Re6 40. Rc2 Re7
41. Bc6 Nb6 42. Rd2 Rc7 43. Rd8+ Kg7 44. Rb8 Re7 45. Rb7 Kf6 46. e5+ Ke6 47. f4
1-0